<?xml version="1.0" encoding="UTF-8"?>
<record
    xmlns:xsi="http://www.w3.org/2001/XMLSchema-instance"
    xsi:schemaLocation="http://www.loc.gov/MARC21/slim http://www.loc.gov/standards/marcxml/schema/MARC21slim.xsd"
    xmlns="http://www.loc.gov/MARC21/slim">

  <leader>00284    a2200109   4500</leader>
  <datafield tag="100" ind1=" " ind2=" ">
    <subfield code="a">Abdul Razzaaq Ali</subfield>
  </datafield>
  <datafield tag="245" ind1=" " ind2=" ">
    <subfield code="a">Dhe Bageecha</subfield>
  </datafield>
  <datafield tag="260" ind1=" " ind2=" ">
    <subfield code="a">Male Maldives</subfield>
    <subfield code="b">Dhagatha Publishers</subfield>
    <subfield code="c">2014</subfield>
  </datafield>
  <datafield tag="300" ind1=" " ind2=" ">
    <subfield code="a">24 pages</subfield>
    <subfield code="c">;21cm.</subfield>
  </datafield>
  <datafield tag="942" ind1=" " ind2=" ">
    <subfield code="c">YN</subfield>
    <subfield code="2">Dewey Decimal Classification</subfield>
    <subfield code="i">ALI</subfield>
    <subfield code="6">ALI</subfield>
  </datafield>
  <datafield tag="952" ind1=" " ind2=" ">
    <subfield code="2">ddc</subfield>
    <subfield code="3">Fast Cataloged Item</subfield>
    <subfield code="9">1900</subfield>
    <subfield code="a">KFPL</subfield>
    <subfield code="b">KFPL</subfield>
    <subfield code="c">KID</subfield>
    <subfield code="d">2024-11-13</subfield>
    <subfield code="l">1</subfield>
    <subfield code="o">ALI</subfield>
    <subfield code="p">KL-2024-004134</subfield>
    <subfield code="r">2024-12-29 07:19:55</subfield>
    <subfield code="s">2024-12-22</subfield>
    <subfield code="y">YN</subfield>
  </datafield>
  <datafield tag="952" ind1=" " ind2=" ">
    <subfield code="2">ddc</subfield>
    <subfield code="3">Fast Cataloged Item</subfield>
    <subfield code="9">1901</subfield>
    <subfield code="a">KFPL</subfield>
    <subfield code="b">KFPL</subfield>
    <subfield code="c">KID</subfield>
    <subfield code="d">2024-09-08</subfield>
    <subfield code="l">0</subfield>
    <subfield code="o">ALI</subfield>
    <subfield code="p">KL-2024-001731</subfield>
    <subfield code="r">2024-12-22 11:21:23</subfield>
    <subfield code="y">YN</subfield>
  </datafield>
  <datafield tag="952" ind1=" " ind2=" ">
    <subfield code="2">ddc</subfield>
    <subfield code="3">Fast Cataloged Item</subfield>
    <subfield code="9">1902</subfield>
    <subfield code="a">KFPL</subfield>
    <subfield code="b">KFPL</subfield>
    <subfield code="c">KID</subfield>
    <subfield code="d">2024-09-08</subfield>
    <subfield code="l">0</subfield>
    <subfield code="o">ALI</subfield>
    <subfield code="p">KL-2024-001732</subfield>
    <subfield code="r">2024-12-22 11:22:04</subfield>
    <subfield code="y">YN</subfield>
  </datafield>
  <datafield tag="999" ind1=" " ind2=" ">
    <subfield code="c">1414</subfield>
    <subfield code="d">1414</subfield>
  </datafield>
</record>
